[Event "36th Olympiad w"]
[Site "Calvia ESP"]
[Date "2004.10.24"]
[Round "9"]
[White "Ingolfsdottir,H"]
[Black "Baptista,A"]
[Result "1/2-1/2"]
[WhiteElo "2053"]
[BlackElo "2042"]
[EventDate "2004.10.15"]

1. e4 d5 2. exd5 Qxd5 3. Nc3 Qa5 4. d4 Nf6 5. Nf3 c6 6. Bc4 Bg4 7. h3 Bh5
8. Bd2 Nbd7 9. Qe2 Qb6 10. g4 Bg6 11. O-O-O O-O-O 12. d5 Nxd5 13. Nxd5 cxd5
14. Be3 Qc7 15. Bxd5 e6 16. Bb3 Bc5 17. Bd4 Nf6 18. Bxc5 Qxc5 19. Ne5 Nd5
20. Nxg6 hxg6 21. Bxd5 Rxd5 22. Qf3 Rxd1+ 23. Rxd1 Qg5+ 24. Kb1 Rd8 25.
Rxd8+ Qxd8 1/2-1/2

[Event "36th Olympiad w"]
[Site "Calvia ESP"]
[Date "2004.10.24"]
[Round "9"]
[White "Cinar Corlulu,N"]
[Black "Bakalarz,G"]
[Result "0-1"]
[WhiteElo "2053"]
[BlackElo "2035"]
[EventDate "2004.10.15"]

1. e4 c5 2. Nf3 e6 3. c4 Nc6 4. Nc3 e5 5. d3 d6 6. Be2 g6 7. Nd5 Bg7 8. Bg5
f6 9. Be3 Nge7 10. Qd2 O-O 11. h4 Nd4 12. h5 Nxd5 13. cxd5 g5 14. h6 Bh8
15. O-O-O Bd7 16. Kb1 a5 17. Rc1 b5 18. Bxd4 exd4 19. Rh5 Be8 20. Rh3 Bg6
21. Rg3 Qe7 22. Ne1 a4 23. Bg4 f5 24. exf5 Bxf5 25. Bxf5 Rxf5 26. Nf3 Bf6
27. Re1 Qd8 28. Qe2 Be5 29. Rg4 Qf6 30. Rh1 Kh8 31. Rh5 Rg8 32. Qe4 Bf4 33.
g3 Be5 34. Nxe5 Rxe5 35. Qh1 Qxf2 36. Re4 Qf5 37. g4 Qf6 38. Rh3 Rf8 39.
Rh2 Rxd5 40. Re1 Re5 41. Rhe2 Rxe2 42. Rxe2 Qf1+ 43. Qxf1 Rxf1+ 44. Kc2 Rf8
45. Kd2 Kg8 46. Re7 Rf7 47. Re1 Rf6 48. Re7 b4 49. Rg7+ Kh8 50. Ra7 Rxh6
51. Rxa4 Rh1 52. Kc2 Rg1 53. Ra6 Rxg4 54. Rxd6 Kg7 55. a4 bxa3 56. bxa3
Rg2+ 57. Kb3 h5 58. Rd5 Kh6 59. a4 Re2 60. Rxc5 Rh2 61. a5 0-1

[Event "36th Olympiad w"]
[Site "Calvia ESP"]
[Date "2004.10.24"]
[Round "9"]
[White "Steil Antoni,F"]
[Black "Bayrak,A"]
[Result "0-1"]
[WhiteElo "1936"]
[BlackElo "1907"]
[EventDate "2004.10.15"]

1. e4 e6 2. d4 d5 3. Nc3 Bb4 4. exd5 exd5 5. Bd3 Nf6 6. Bg5 Qe7+ 7. Nge2
Bxc3+ 8. bxc3 Nbd7 9. O-O O-O 10. Re1 Qa3 11. Qd2 h6 12. Bf4 c5 13. Ng3 c4
14. Bf5 Re8 15. Rxe8+ Nxe8 16. Re1 Ndf6 17. f3 Qf8 18. Bxc8 Rxc8 19. Nf5
Kh7 20. h4 Rc6 21. g4 Re6 22. Be3 Nd6 23. Ng3 Qe8 24. g5 Ng8 25. Kf2 g6 26.
Rh1 h5 27. Bf4 Ne7 28. Be5 Ndf5 29. Ne2 Ra6 30. Nf4 Rxa2 31. Re1 Qa4 32.
Re2 Qd7 33. Bf6 Ng8 34. Re5 Qa4 35. Re2 Qc6 36. Be5 a5 37. Ng2 a4 38. Ne3
Qd7 39. Bg3 Nge7 40. Qc1 a3 41. Nd1 Nxg3 42. Kxg3 Nf5+ 43. Kf2 Nxh4 44. Qb1
Rb2 45. Nxb2 axb2 46. Qxb2 Qh3 47. Ke3 Qxf3+ 48. Kd2 Qf1 49. Qxb7 Qf4+ 50.
Re3 Ng2 51. Kc1 Nxe3 52. Kb2 Nd1+ 53. Kb1 Nxc3+ 54. Kb2 Nd1+ 55. Kb1 h4 56.
Qe7 Nc3+ 57. Kb2 Ne4 58. Qd7 Qf5 59. Qe7 h3 60. Qf8 Nxg5 61. Qd6 Ne4 62.
Qh2 g5 0-1

[Event "36th Olympiad w"]
[Site "Calvia ESP"]
[Date "2004.10.24"]
[Round "9"]
[White "Smith,V"]
[Black "Hagesaether,E"]
[Result "0-1"]
[WhiteElo "1966"]
[BlackElo "2188"]
[EventDate "2004.10.15"]

1. e4 d6 2. d4 Nf6 3. Nc3 g6 4. Bc4 Bg7 5. Qe2 Nc6 6. e5 Nxd4 7. exf6 Nxe2
8. fxg7 Rg8 9. Ngxe2 Rxg7 10. Bh6 Rg8 11. O-O-O c6 12. Bf4 b5 13. Bb3 g5
14. Bg3 Be6 15. Bxe6 fxe6 16. Rhe1 Qb6 17. Nd4 e5 18. Nf5 Rg6 19. Re2 Rf6
20. Ne3 O-O-O 21. h4 h6 22. h5 Re6 23. Ng4 b4 24. Nb1 Rf8 25. Rde1 a5 26.
Nd2 Qb5 27. Nb3 c5 28. Re4 Kb7 29. f3 Rc8 30. R4e2 a4 31. Nd2 c4 32. Nf1 b3
33. axb3 cxb3 34. Re4 Rxc2+ 35. Kb1 Qd3 36. R4e3 0-1

[Event "36th Olympiad w"]
[Site "Calvia ESP"]
[Date "2004.10.24"]
[Round "9"]
[White "Courtney,H"]
[Black "Berntsen,S"]
[Result "0-1"]
[WhiteElo "2050"]
[BlackElo "2118"]
[EventDate "2004.10.15"]

1. d4 d5 2. e4 dxe4 3. Nc3 Bf5 4. f3 Nf6 5. g4 Bg6 6. Be3 exf3 7. Qxf3 c6
8. O-O-O e6 9. h4 h5 10. Bg5 hxg4 11. Qe3 Be7 12. Bc4 Nd5 13. Bxd5 cxd5 14.
Nge2 Nc6 15. Nf4 Bf5 16. Nd3 Qa5 17. Bxe7 Nxe7 18. Nc5 O-O-O 19. Qg5 Ng6
20. h5 f6 21. Qe3 Nf8 22. a3 Nd7 23. N3a4 Nxc5 24. Nxc5 Rd6 25. Rde1 Qc7
26. Qd2 Rc6 27. c3 Qf7 28. h6 g5 29. h7 Rxh7 30. Rh2 b6 31. Na6 Kb7 32. Nb4
Rc8 33. Reh1 Rxh2 34. Qxh2 Qc7 35. Qe2 Be4 36. Rf1 f5 37. Qa6+ Kb8 38. Qb5
Qc4 39. Qxc4 dxc4 40. Nc2 Kb7 41. Nb4 Rh8 42. Rf2 g3 43. Rf1 g2 44. Rg1 Rh1
0-1

[Event "36th Olympiad w"]
[Site "Calvia ESP"]
[Date "2004.10.24"]
[Round "9"]
[White "Mira,H"]
[Black "Chang,S"]
[Result "1/2-1/2"]
[WhiteElo "2158"]
[BlackElo "2095"]
[EventDate "2004.10.15"]

1. Nf3 Nf6 2. c4 g6 3. Nc3 Bg7 4. e4 d6 5. d4 O-O 6. Be2 e5 7. d5 Nbd7 8.
Bg5 h6 9. Bh4 a6 10. Nd2 Qe8 11. b4 Nh7 12. g4 Bf6 13. Bxf6 Ndxf6 14. Nf1
Ng5 15. f3 Nh3 16. Ne3 Nh7 17. Bf1 Qe7 18. Bxh3 Qh4+ 19. Ke2 Qxh3 20. Qe1
f5 21. gxf5 gxf5 22. Qg3+ Ng5 23. Qxh3 Nxh3 24. exf5 Bxf5 25. Nxf5 Rxf5 26.
Ne4 Kf7 27. Ke3 Ke7 28. c5 Raf8 29. Rhf1 Rg8 30. cxd6+ cxd6 31. Rac1 Kd7
32. Rc2 Nf4 33. Ng3 Nxd5+ 34. Ke2 Rff8 35. Rd1 Nf4+ 36. Ke3 Ne6 37. Ne4 Nd4
38. Rf2 Ke6 39. f4 Nf5+ 40. Kd3 b6 41. fxe5 dxe5 42. Rdf1 Rf7 43. Kc3 Rc8+
44. Kb2 Rc4 45. Rxf5 Rxf5 46. Rxf5 Rxe4 47. Rh5 Rxb4+ 48. Kc3 a5 49. Rxh6+
Kf5 50. a3 Rb5 51. h4 a4 52. h5 Rb3+ 53. Kd2 Kg4 54. Re6 Kxh5 55. Rxe5+ Kg4
56. Re3 Rxe3 57. Kxe3 b5 58. Kd4 Kf3 59. Kc5 Ke3 60. Kd5 Kd3 61. Kc5
1/2-1/2

[Event "36th Olympiad w"]
[Site "Calvia ESP"]
[Date "2004.10.24"]
[Round "9"]
[White "Ribeiro,Re"]
[Black "Kopinits,A"]
[Result "1-0"]
[WhiteElo "2076"]
[BlackElo "2114"]
[EventDate "2004.10.15"]

1. Nf3 Nc6 2. c4 e5 3. Nc3 g6 4. d4 exd4 5. Nxd4 Bg7 6. Nxc6 bxc6 7. g3 Ne7
8. Bg2 O-O 9. h4 d6 10. h5 Bf5 11. e4 Be6 12. Qd3 c5 13. hxg6 fxg6 14. Bg5
Qe8 15. f4 Nc6 16. b3 Bd4 17. Rc1 Qf7 18. Qd2 Bg4 19. Ne2 Bg7 20. e5 Nxe5
21. Bxa8 Bf3 22. O-O Bxa8 23. fxe5 Qd7 24. Rxf8+ Bxf8 25. Kh2 Qf5 26. Qf4
Qd3 27. Qf2 h6 28. Rf1 Bg7 29. Bf6 Bxf6 30. exf6 g5 31. f7+ Kf8 32. Nc1 Qc3
33. Qe2 Bc6 34. Re1 g4 35. Qe7+ 1-0

[Event "36th Olympiad w"]
[Site "Calvia ESP"]
[Date "2004.10.24"]
[Round "9"]
[White "Horvath,Maria AUT"]
[Black "Chaves,Joa"]
[Result "0-1"]
[WhiteElo "2094"]
[BlackElo "2046"]
[EventDate "2004.10.15"]

1. d4 Nf6 2. c4 g6 3. Nc3 Bg7 4. e4 d6 5. Nge2 O-O 6. Ng3 c5 7. d5 e6 8.
Be2 exd5 9. cxd5 Na6 10. O-O Nc7 11. a4 b6 12. f4 a6 13. Ra3 Nd7 14. e5 Bb7
15. exd6 Bd4+ 16. Kh1 Nxd5 17. Nxd5 Bxd5 18. f5 Ne5 19. Bh6 Re8 20. fxg6
fxg6 21. Qd2 Qxd6 22. Bd3 Qc6 23. Re1 Nf3 24. Rxe8+ Rxe8 25. Qf4 Ne1 26.
Ne4 Bxe4 27. Bc4+ Bd5 28. Bxd5+ Qxd5 29. Rg3 Nxg2 30. Rf3 Nxf4 0-1

[Event "36th Olympiad w"]
[Site "Calvia ESP"]
[Date "2004.10.24"]
[Round "9"]
[White "Koskoska,G"]
[Black "Sanchez Castillo,S"]
[Result "1/2-1/2"]
[WhiteElo "2242"]
[BlackElo "2141"]
[EventDate "2004.10.15"]

1. e4 e6 2. d3 d5 3. Qe2 c5 4. Nf3 Nc6 5. g3 Nge7 6. Bg2 dxe4 7. dxe4 g6 8.
O-O Bg7 9. c3 O-O 10. Rd1 Qc7 11. Bf4 e5 12. Bg5 Be6 13. Qe3 f6 14. Bh6
Bxh6 15. Qxh6 Rfd8 16. Nbd2 b5 17. Bh3 Bxh3 18. Qxh3 c4 19. Qe6+ Kg7 20.
Nf1 Qc8 21. Qxc8 Raxc8 22. Ne3 Kf7 23. Kf1 Rxd1+ 1/2-1/2

[Event "36th Olympiad w"]
[Site "Calvia ESP"]
[Date "2004.10.24"]
[Round "9"]
[White "Starr,N"]
[Black "Garcia Garcia,E"]
[Result "1/2-1/2"]
[WhiteElo "2191"]
[BlackElo "2051"]
[EventDate "2004.10.15"]

1. e4 c5 2. c3 d5 3. exd5 Qxd5 4. d4 Nc6 5. Nf3 cxd4 6. cxd4 e5 7. Nxe5
Nxd4 8. Nc4 Bg4 9. Ne3 Bxd1 10. Nxd5 O-O-O 11. Kxd1 Rxd5 12. Nc3 Rd7 13.
Bd2 Nf6 14. Rc1 Kb8 15. f3 Bb4 16. Ke1 Re8+ 17. Kf2 a6 18. Bf4+ Bd6 19.
Bxd6+ Rxd6 20. Rd1 Red8 21. Bc4 R6d7 22. Ne2 Nc6 23. Nc3 Ne5 24. Be2 Nd3+
25. Bxd3 Rxd3 26. Rxd3 Rxd3 1/2-1/2

[Event "36th Olympiad w"]
[Site "Calvia ESP"]
[Date "2004.10.24"]
[Round "9"]
[White "Mongeau,D"]
[Black "Guerrero Rodriguez,Alej"]
[Result "0-1"]
[WhiteElo "2079"]
[BlackElo "2102"]
[EventDate "2004.10.15"]

1. d4 g6 2. Nf3 Bg7 3. c3 Nf6 4. Bg5 O-O 5. Nbd2 d5 6. g3 Nbd7 7. Bg2 c5 8.
Bxf6 Bxf6 9. e3 Qb6 10. Qc2 Qa6 11. Bf1 Qd6 12. Bg2 cxd4 13. cxd4 e5 14.
O-O e4 15. Ne1 Nb6 16. b3 Bd7 17. a4 Rac8 18. Qb2 Qb4 19. Rb1 a5 20. f3
exf3 21. Rxf3 Bg5 22. Nd3 Qc3 23. Qxc3 Rxc3 24. Nf4 Bg4 25. Rf2 Rxe3 26.
Nxd5 Nxd5 27. Bxd5 Re7 28. Ne4 Bf5 29. Nxg5 Bxb1 30. Nxf7 Re1+ 31. Rf1
Rxf1+ 32. Kxf1 Rxf7+ 33. Bxf7+ Kxf7 0-1

[Event "36th Olympiad w"]
[Site "Calvia ESP"]
[Date "2004.10.24"]
[Round "9"]
[White "Cast,A"]
[Black "Borda,C"]
[Result "1-0"]
[WhiteElo "2082"]
[BlackElo "2088"]
[EventDate "2004.10.15"]

1. d4 Nf6 2. Nf3 e6 3. Bg5 c5 4. c3 d5 5. e3 Be7 6. Nbd2 Nbd7 7. Bd3 O-O 8.
O-O h6 9. Bh4 Nh7 10. Bxe7 Qxe7 11. Qc2 Ng5 12. Nxg5 Qxg5 13. f4 Qe7 14.
Rf3 f5 15. c4 cxd4 16. exd4 dxc4 17. Bxc4 Nb6 18. Re1 Qf6 19. Nb3 a5 20.
Re5 Rd8 21. Rxf5 Qh4 22. Re5 a4 23. Nc5 Rxd4 24. Bxe6+ Bxe6 25. Nxe6 Rc4
26. Qd2 Rac8 27. Rg3 Kh8 28. Rc3 Rxc3 29. bxc3 Nc4 30. Qd7 Rg8 31. Re2 Qg4
32. Qd3 b5 33. h3 Qh4 34. Qd5 Qf6 35. Qxb5 Qxc3 36. Qxa4 Qc1+ 37. Kh2 Ne3
38. g4 Nf1+ 39. Kg2 Ne3+ 40. Kf2 Nd1+ 41. Kg2 Ne3+ 42. Kf2 Nd1+ 43. Kg3
Qc3+ 44. Kh2 Ne3 45. Qb3 Nf1+ 46. Kg2 Qc1 47. Qf3 Nd2 48. Qe3 Qc6+ 49. Kf2
Nc4 50. Qe4 Qb6+ 51. Qd4 Qa6 52. f5 Nb6 53. f6 gxf6 54. Qxf6+ Kh7 55. Nf8+
Rxf8 56. Qxf8 Nc8 57. Qf5+ Kg8 58. Qd7 Nd6 59. h4 Qb6+ 60. Kg2 Qa6 61. g5
hxg5 62. hxg5 Qd3 63. Kh2 Qe4 64. Re1 Qh4+ 65. Kg1 1-0

[Event "36th Olympiad w"]
[Site "Calvia ESP"]
[Date "2004.10.24"]
[Round "9"]
[White "Valickova,M"]
[Black "Mudongo,B"]
[Result "1/2-1/2"]
[WhiteElo "2076"]
[BlackElo "1978"]
[EventDate "2004.10.15"]

1. e4 c5 2. Nf3 d6 3. Bc4 e6 4. d3 Nf6 5. Bb3 Be7 6. c3 O-O 7. O-O Nc6 8.
Re1 b6 9. Nbd2 h6 10. Nf1 Bb7 11. Ng3 Rc8 12. d4 cxd4 13. cxd4 Na5 14. Bc2
Qc7 15. Bd3 Nc6 16. Bd2 a6 17. Qe2 b5 18. e5 dxe5 19. dxe5 Nh7 20. Qe4 g6
21. Bxh6 Nb4 22. Qe2 Nxd3 23. Qxd3 Rfd8 24. Qe2 Rd7 25. Rac1 Qd8 26. Rxc8
Qxc8 27. Ne4 Qd8 28. Qe3 Bc5 29. h3 Bd5 30. b3 Be7 31. Nc5 Bc4 1/2-1/2

[Event "36th Olympiad w"]
[Site "Calvia ESP"]
[Date "2004.10.24"]
[Round "9"]
[White "Sabure,T"]
[Black "Dymshits,G"]
[Result "1-0"]
[WhiteElo "2075"]
[BlackElo "2081"]
[EventDate "2004.10.15"]

1. d4 d5 2. c4 e6 3. Nc3 Nf6 4. e3 Be7 5. Nf3 O-O 6. Be2 a6 7. O-O Nbd7 8.
Qc2 b6 9. Bd2 c5 10. b3 Bb7 11. cxd5 exd5 12. Bd3 g6 13. Rfe1 Rc8 14. Rac1
Re8 15. Qb1 Bf8 16. e4 cxd4 17. Nxd4 Bc5 18. Nf3 Ng4 19. Nd1 dxe4 20. Bxe4
Bxe4 21. Rxe4 Ndf6 22. Rxe8+ Qxe8 23. h3 Ne5 24. Nxe5 Qxe5 25. b4 Qe2 26.
Be3 Qe1+ 27. Kh2 Bd6+ 28. g3 Re8 29. Nc3 Bxg3+ 30. Kxg3 Rxe3+ 31. Kg2 Qd2
32. Rc2 Qd6 33. fxe3 Nh5 34. Qe1 Qc6+ 35. e4 Nf4+ 36. Kg3 g5 37. h4 Qd6 38.
Qd2 Ne2+ 39. Kf3 Qxd2 40. Rxd2 Nxc3 41. hxg5 Kg7 42. Rd6 Nxa2 43. Rxb6 Kf8
44. Ke3 Nc3 45. Rxa6 1-0

[Event "36th Olympiad w"]
[Site "Calvia ESP"]
[Date "2004.10.24"]
[Round "9"]
[White "Connolly,S"]
[Black "Parveen,S"]
[Result "1/2-1/2"]
[WhiteElo "2076"]
[BlackElo "2139"]
[EventDate "2004.10.15"]

1. e4 e5 2. Nf3 Nf6 3. Nxe5 d6 4. Nf3 Nxe4 5. d4 d5 6. Bd3 Be7 7. O-O Nc6
8. c3 Bg4 9. Re1 f5 10. Nbd2 O-O 11. Qb3 Kh8 12. Qxb7 Rf6 13. Qb3 Rg6
1/2-1/2

[Event "36th Olympiad w"]
[Site "Calvia ESP"]
[Date "2004.10.24"]
[Round "9"]
[White "Sultana,Z2"]
[Black "Ui Laighleis,G"]
[Result "1/2-1/2"]
[WhiteElo "2056"]
[BlackElo "1996"]
[EventDate "2004.10.15"]

1. d4 e6 2. Nf3 b6 3. g3 Bb7 4. Bg2 Nf6 5. O-O Be7 6. e4 O-O 7. Nc3 d5 8.
Ne5 Nc6 9. exd5 Nxe5 10. dxe5 Nxd5 11. Qd2 Nxc3 12. Qxc3 Bxg2 13. Kxg2
1/2-1/2

[Event "36th Olympiad w"]
[Site "Calvia ESP"]
[Date "2004.10.24"]
[Round "9"]
[White "Mohammed,J"]
[Black "Castillo,Di"]
[Result "0-1"]
[WhiteElo "1990"]
[BlackElo "2043"]
[EventDate "2004.10.15"]

1. d4 f5 2. Nf3 g6 3. b3 Bg7 4. Bb2 Nf6 5. d5 c6 6. dxc6 bxc6 7. e3 O-O 8.
Be2 Qc7 9. Nbd2 d6 10. O-O h6 11. c4 Nbd7 12. Qc2 a5 13. Nd4 Nc5 14. Rab1
e5 15. N4f3 Rb8 16. Ba3 Na6 17. c5 d5 18. Bb2 Re8 19. Bxa6 Bxa6 20. Rfd1 e4
21. Ne1 f4 22. exf4 Qxf4 23. g3 Qf5 24. Nf1 Qh3 25. Ne3 Ng4 0-1

[Event "36th Olympiad w"]
[Site "Calvia ESP"]
[Date "2004.10.24"]
[Round "9"]
[White "Jose Polanco,Ken"]
[Black "Stolarczyk,An"]
[Result "1/2-1/2"]
[WhiteElo "2003"]
[BlackElo "2006"]
[EventDate "2004.10.15"]

1. d4 d5 2. c4 e6 3. Nc3 c6 4. cxd5 exd5 5. Bf4 Nf6 6. Nf3 Bf5 7. e3 Qb6 8.
Qc1 Nbd7 9. Be2 Be7 10. O-O O-O 11. Rd1 Nh5 12. Bg5 Bxg5 13. Nxg5 Nhf6 14.
Bd3 Bxd3 15. Rxd3 h6 16. Nf3 Ne4 17. Nd2 f5 18. f3 Nxd2 19. Qxd2 Rae8 20.
Ne2 Nf6 21. Rb3 Qc7 22. Rc1 Rf7 23. Nc3 Rfe7 24. Ne2 g6 25. Nf4 Kg7 26. Qf2
g5 27. Nh3 Kg6 28. Rf1 Qd7 29. Qd2 Qd6 30. Nf2 b6 31. Nd3 Nd7 32. Nf2 Nf6
33. Rc1 c5 34. dxc5 bxc5 35. Rbc3 d4 36. Rxc5 Rxe3 37. Rc6 Qxc6 38. Ng4 Qe6
39. Nxe3 Qxe3+ 40. Qxe3 dxe3 41. Kf1 Rd8 42. Rc2 Rd1+ 43. Ke2 Rd2+ 44. Rxd2
exd2 45. Kxd2 Nd5 46. a4 Kf6 47. g3 Ke5 48. Kd3 Kd6 49. Kd4 h5 50. h3 g4
51. fxg4 hxg4 52. hxg4 fxg4 53. Ke4 Ke6 54. a5 a6 55. Kd4 Nb4 56. Kc4 Nd5
57. Kc5 Ke5 58. b4 Ke4 59. b5 axb5 60. Kxb5 Kf3 61. Kc5 Nc7 62. Kb6 Na8+
63. Kb7 Kxg3 64. Kxa8 Kf4 65. a6 g3 66. a7 g2 67. Kb8 1/2-1/2

[Event "36th Olympiad w"]
[Site "Calvia ESP"]
[Date "2004.10.25"]
[Round "10"]
[White "Krush,I"]
[Black "Xu Yuhua"]
[Result "1-0"]
[WhiteElo "2464"]
[BlackElo "2487"]
[EventDate "2004.10.15"]

1. d4 Nf6 2. c4 e6 3. Nc3 Bb4 4. Qc2 O-O 5. a3 Bxc3+ 6. Qxc3 b6 7. Bg5 Bb7
8. e3 d6 9. Nf3 Nbd7 10. Nd2 h6 11. Bh4 c5 12. f3 Rc8 13. dxc5 Nxc5 14. b4
Ncd7 15. Qb2 Ne5 16. Be2 Ng6 17. Bf2 d5 18. O-O e5 19. cxd5 Qxd5 20. Rfd1
Qe6 21. e4 Nf4 22. Bb5 Rfd8 23. Be3 Ne8 24. g3 Nd6 25. Bf1 Nh5 26. Rac1 g5
27. Nc4 Nxc4 28. Rxd8+ Rxd8 29. Bxc4 Qf6 30. Be2 Rd7 31. Qb3 a6 32. b5 a5
33. Rd1 Rd6 34. Bf2 g4 35. fxg4 Ng7 36. Rxd6 Qxd6 37. Qe3 Qg6 38. Bf3 Ne6
39. Qxb6 Bxe4 40. Be2 Ng5 41. Qxg6+ fxg6 42. b6 Bb7 43. Be3 Nf7 44. Bd2 a4
45. Bb5 Kg7 46. Bxa4 Nd6 47. Bb3 g5 48. a4 Kf6 49. a5 e4 50. Bc3+ Ke7 51.
Bb4 e3 52. Bc4 Kd7 53. Bxd6 Kxd6 54. Be2 Be4 55. a6 Kc6 56. b7 Kc7 57. Kf1
Kb8 58. Ke1 Bc2 59. Bc4 1-0

[Event "36th Olympiad w"]
[Site "Calvia ESP"]
[Date "2004.10.25"]
[Round "10"]
[White "Vijayalakshmi,S"]
[Black "Kovalevskaya,E"]
[Result "1-0"]
[WhiteElo "2411"]
[BlackElo "2471"]
[EventDate "2004.10.15"]

1. Nf3 Nf6 2. g3 g6 3. Bg2 Bg7 4. O-O O-O 5. c4 d6 6. d4 Nc6 7. Nc3 a6 8.
h3 Bd7 9. Re1 Qc8 10. Kh2 e5 11. dxe5 dxe5 12. Nd5 Nxd5 13. cxd5 Nd4 14.
Nxd4 exd4 15. Bf4 c5 16. Rc1 Re8 17. Qc2 b6 18. b4 Bf5 19. Qc4 Be4 20. bxc5
Bxg2 21. Kxg2 bxc5 22. Qxc5 Qf5 23. d6 Qe6 24. Qc4 Qf5 25. Qc5 Qe6 26. e4
h6 27. h4 Qxa2 28. e5 d3 29. Qd4 Qe6 30. Qxd3 a5 31. Qc4 Qxc4 32. Rxc4 a4
33. Ra1 a3 34. Ra2 Red8 35. Rc5 Rd7 36. Bc1 f6 37. f4 fxe5 38. fxe5 Re8 39.
Rxa3 Rxe5 40. Ra8+ Kh7 41. Rc7 Rxd6 42. Raa7 Re2+ 43. Kf3 1-0

[Event "36th Olympiad w"]
[Site "Calvia ESP"]
[Date "2004.10.25"]
[Round "10"]
[White "Vajda,S"]
[Black "Reizniece,D"]
[Result "1-0"]
[WhiteElo "2369"]
[BlackElo "2278"]
[EventDate "2004.10.15"]

1. e4 d6 2. d4 Nf6 3. Nc3 g6 4. f4 Bg7 5. Nf3 O-O 6. Be3 b6 7. Bd3 c5 8.
Qe2 cxd4 9. Bxd4 Nc6 10. Bxf6 Bxf6 11. e5 Bg7 12. Be4 Bb7 13. O-O-O Qc8 14.
h4 dxe5 15. fxe5 Na5 16. h5 Bxe4 17. Qxe4 Qc6 18. Nd5 Rfe8 19. hxg6 hxg6
20. Qh4 Rac8 21. c3 Kf8 22. Ng5 Nc4 23. Nh7+ Kg8 24. Nxe7+ Rxe7 25. Qxe7
Bxe5 26. Rd8+ 1-0

[Event "36th Olympiad w"]
[Site "Calvia ESP"]
[Date "2004.10.25"]
[Round "10"]
[White "Rogule,L"]
[Black "Gara,A"]
[Result "0-1"]
[WhiteElo "2295"]
[BlackElo "2390"]
[EventDate "2004.10.15"]

1. c4 e6 2. Nc3 d5 3. d4 c5 4. cxd5 exd5 5. Nf3 Nc6 6. Bg5 Qa5 7. dxc5 Be6
8. Nd4 Bxc5 9. Nb3 Qb6 10. e3 Bb4 11. Be2 h6 12. Bf4 Nf6 13. O-O Bxc3 14.
bxc3 Ne4 15. Rc1 O-O 16. Bd3 Rac8 17. Qh5 Ne7 18. Nd4 Nxc3 19. Bg5 Rfe8 20.
Bxh6 gxh6 21. Qxh6 Bf5 22. Nxf5 Nxf5 23. Qh3 Nh6 24. g4 Qe6 25. Kh1 Ne4 26.
Rxc8 Rxc8 27. f3 Rc3 28. Bxe4 dxe4 29. f4 Kf8 30. Qh4 Rc6 31. f5 Qd7 32. f6
Ng8 33. g5 Qd3 34. Qf4 Rd6 35. Rc1 Rd8 36. Qc7 Qd5 37. h4 Re8 38. Qc3 a5
39. Qa3+ Ne7 40. fxe7+ Kg8 41. Qc3 Qe6 42. Kh2 Qg4 43. Rc2 Qxh4+ 44. Kg1
Rxe7 45. Rg2 Qh5 46. Qc8+ Kg7 47. Qc3+ Kf8 48. Qc8+ Re8 49. Qc5+ Kg8 50.
Qd4 Qh4 51. Rh2 Qg3+ 52. Kh1 Qe5 53. Qd7 Qa1+ 54. Kg2 Qxa2+ 55. Kh1 Qe6 56.
Qd4 Qe5 57. Qd7 Kg7 58. g6 Qe6 59. Qd4+ f6 60. Qd1 Qf5 61. Qe1 Qf3+ 62. Kg1
Rd8 63. Re2 Qg4+ 64. Kf1 Rh8 0-1

[Event "36th Olympiad w"]
[Site "Calvia ESP"]
[Date "2004.10.25"]
[Round "10"]
[White "Lakos,N"]
[Black "Berzina,I"]
[Result "1/2-1/2"]
[WhiteElo "2359"]
[BlackElo "2240"]
[EventDate "2004.10.15"]

1. e4 c6 2. d4 d5 3. Nc3 dxe4 4. Nxe4 Nd7 5. Ng5 Ngf6 6. Bd3 e6 7. N1f3 Bd6
8. Qe2 h6 9. Ne4 Nxe4 10. Qxe4 Nf6 11. Qe2 b6 12. Bd2 Bb7 13. O-O-O Qc7 14.
Kb1 O-O-O 15. Rhe1 Kb8 16. Ne5 c5 17. dxc5 Bxc5 18. f4 Nd5 19. h4 Bd4 20.
g3 Rc8 21. c3 Bc5 22. c4 Nb4 23. Be4 Rhd8 24. Bc3 f6 25. Bxb7 Qxb7 26. Nd3
Nxd3 27. Rxd3 Qc6 28. Red1 Rxd3 29. Rxd3 Kc7 30. Qf3 Qe8 31. h5 Rd8 32.
Rxd8 Qxd8 33. Kc2 a5 34. Qd3 Qe8 35. g4 Qc6 36. Qg6 Qg2+ 37. Kb3 Qe2 38.
Qf7+ Kc6 39. Qe8+ Kc7 40. Qf7+ Kc6 1/2-1/2

[Event "36th Olympiad w"]
[Site "Calvia ESP"]
[Date "2004.10.25"]
[Round "10"]
[White "Johansson,V"]
[Black "Dzagnidze,N"]
[Result "0-1"]
[WhiteElo "2189"]
[BlackElo "2484"]
[EventDate "2004.10.15"]

1. d4 Nf6 2. c4 e6 3. Nc3 Bb4 4. e3 c5 5. Bd3 Nc6 6. Nf3 Bxc3+ 7. bxc3 d6
8. O-O O-O 9. e4 e5 10. d5 Ne7 11. Nh4 h6 12. g3 Bh3 13. Re1 g5 14. Ng2 Kh7
15. Ne3 Ng6 16. f3 Rg8 17. Bf1 Qd7 18. Qc2 h5 19. Nf5 Bxf5 20. exf5 Ne7 21.
Bd3 Rg7 22. Kh1 Rh8 23. h4 gxh4 24. gxh4 Kg8 25. Bg5 Ne8 26. Rg1 f6 27. Be3
Rhh7 28. Kh2 Rxg1 29. Rxg1+ Rg7 30. Bh6 Rxg1 31. Kxg1 Kh7 32. Bf8 Kg8 33.
Bh6 Kf7 34. f4 e4 35. Bxe4 Ng7 36. Bxg7 Kxg7 37. Bd3 Kh6 38. Kf2 Ng8 39.
Qe2 Qg7 40. Qf3 Qg4 41. Qxg4 hxg4 42. Kg3 Ne7 43. Kxg4 Nc8 44. Kg3 Nb6 45.
Be2 Na4 46. Bf3 Nxc3 47. Kf2 Nxa2 48. Ke3 a6 49. Kd2 b5 50. cxb5 axb5 51.
Kc2 c4 52. Kb2 Nb4 53. Kc3 Nd3 54. Be4 Kh5 55. Bxd3 cxd3 56. Kxd3 Kxh4 57.
Kc3 Kg4 58. Kb4 Kxf4 59. Kxb5 Kxf5 60. Kc6 Ke5 0-1

[Event "36th Olympiad w"]
[Site "Calvia ESP"]
[Date "2004.10.25"]
[Round "10"]
[White "Javakhishvili,L"]
[Black "Andersson,C"]
[Result "1-0"]
[WhiteElo "2423"]
[BlackElo "2168"]
[EventDate "2004.10.15"]

1. d4 d5 2. c4 c6 3. e3 Nf6 4. Nf3 Bf5 5. Nc3 e6 6. Nh4 Bg6 7. Qb3 Qb6 8.
Nxg6 hxg6 9. g3 Nbd7 10. Bg2 Be7 11. Bd2 Qb4 12. Nxd5 Qxb3 13. Nxf6+ Bxf6
14. axb3 a6 15. b4 O-O-O 16. b5 axb5 17. cxb5 Nb8 18. bxc6 Nxc6 19. b4 Kb8
20. f4 Rh5 21. g4 Rb5 22. Bf1 Rbd5 23. Ra2 Nxd4 24. exd4 Rxd4 25. h4 Rxd2
26. Rxd2 Bc3 27. Rhh2 Rd4 28. b5 Rxf4 29. Rhg2 Kc7 30. Bd3 Kb6 31. Ke2 Bxd2
32. Kxd2 Kc5 33. Ke3 e5 34. Rc2+ Kb6 35. Rc4 Rf6 36. Rc8 Rf4 37. Be2 f5 38.
Rg8 Re4+ 39. Kf2 fxg4 40. Rxg7 g3+ 41. Kf3 Rxh4 42. Rxg6+ Kc5 43. Rxg3 Kd4
44. Rg7 b6 45. Rd7+ Kc5 46. Rc7+ Kd5 47. Rc6 Rh2 48. Rxb6 e4+ 49. Ke3 Rh3+
50. Kd2 Rb3 51. Rc6 Kd4 52. Rc4+ Kd5 53. Rc3 Rb2+ 54. Rc2 e3+ 55. Kc3 Rb1
56. Rb2 Ra1 57. b6 Rc1+ 58. Kd3 Rc8 59. b7 Rb8 60. Bg4 Kc6 61. Bc8 Kc7 62.
Kxe3 Kc6 63. Ra2 Kd6 64. Ra8 Kd5 1-0

[Event "36th Olympiad w"]
[Site "Calvia ESP"]
[Date "2004.10.25"]
[Round "10"]
[White "Malajovich,S"]
[Black "Hernandez,Yu"]
[Result "1/2-1/2"]
[WhiteElo "2118"]
[BlackElo "2201"]
[EventDate "2004.10.15"]

1. d4 d5 2. c4 c6 3. cxd5 cxd5 4. Bf4 Nc6 5. Nc3 Nf6 6. e3 a6 7. Rc1 Qb6 8.
Qb3 Qxb3 9. axb3 Bf5 10. Nf3 e6 11. Be2 Rc8 12. O-O h6 13. Na4 Nd7 14. Ne5
Ndxe5 15. Bxe5 Na7 16. Rxc8+ Nxc8 17. Rc1 Kd8 18. Rc7 f6 19. Bg3 b5 20. Nc3
g5 21. Rc6 Rh7 22. Rxa6 Ra7 23. Bxb5 Rxa6 24. Bxa6 Bc2 25. f3 Bxb3 26. Kf2
Nb6 27. e4 Bb4 28. Bd3 Bxc3 29. bxc3 Na4 30. Bd6 Nxc3 31. Bb4 Nd1+ 32. Ke2
Nb2 33. Bb5 Bc4+ 34. Bxc4 Nxc4 35. exd5 exd5 36. Bf8 h5 37. f4 Ke8 38. Bc5
Kd7 39. fxg5 fxg5 40. Bb4 Ke6 41. Bf8 Kf5 42. Kd3 Kf4 43. Be7 g4 44. Bd8
Nb2+ 45. Kc2 Nc4 46. Kd3 Kf5 47. Bc7 Na3 48. Bb8 Nb5 49. Be5 Na7 50. Bb8
Nc6 51. Bd6 Nd8 52. Ke3 Ne6 53. Be5 Ng5 54. Bb8 Ne6 55. Be5 Ng5 56. Bb8 Ne4
57. Be5 Nc3 58. Bb8 Nd1+ 59. Ke2 Nb2 60. Ke3 h4 61. Bc7 Nc4+ 1/2-1/2

[Event "36th Olympiad w"]
[Site "Calvia ESP"]
[Date "2004.10.25"]
[Round "10"]
[White "Gonzalez Perez,L"]
[Black "Justo,V"]
[Result "1/2-1/2"]
[WhiteElo "2152"]
[BlackElo "2285"]
[EventDate "2004.10.15"]

1. d4 Nf6 2. Nf3 g6 3. g3 Bg7 4. Bg2 d5 5. O-O O-O 6. Ne5 c6 7. c4 dxc4 8.
Nxc4 Be6 9. Ne5 Nbd7 10. f4 Qb6 11. Nc3 Nxe5 12. fxe5 Nd7 13. e3 Rad8 14.
Qe2 f6 15. exf6 exf6 16. Bd2 f5 17. Rad1 Nf6 18. b3 Rfe8 19. Bf3 Bf7 20.
Qg2 Nd5 21. Nxd5 Bxd5 22. Kh1 Bxf3 23. Qxf3 Re4 24. Bc1 Qa5 25. Rf2 Qd5 26.
Kg2 Rde8 27. Rc2 Bh6 28. Rc5 Qd6 29. Rd3 b6 30. Rc2 Qe6 31. Rdc3 Rc8 32. b4
Qd5 33. a3 Qb5 34. Qe2 Qd5 35. Qf3 Qb5 36. Qe2 Qd5 37. Qf3 Qb5 1/2-1/2